000 00999nam a2200217Ia 4500
003 Ost
005 20260507075041.0
008 260507s9999||||xx |||||||||||||| ||und||
040 _cfsecg
041 _aara
082 _a330
100 _aحماد، طارق عبد العال
_eمؤلف
245 0 _aتقييم أداء البنوك التجارية :
_b"تحليل العائد والمخاطرة" /
_c طارق عبد العال حماد
260 _aالاسكندرية:
_bالدار الجامعية,
_c2001
300 _a263 صفحة؛
_bإيضاحات ؛
_c24 سم
520 _aالحاجة إلى المعلومات وتفسيرها، تحليل العائد والمخاطرة للبنوك التجارية، تحليل القوائم المالية بالتطبيق على بنوك عاملة في مصر، اعداد وتفسير التدفقات النقدية للبنك
653 _aالبنوك
653 _aالتجارة
653 _aالنقود
942 _cكتاب
999 _c42510
_d42510